Normal view
MARC view
Entry Personal Name
001 - CONTROL NUMBER
- control field: 49116
003 - CONTROL NUMBER IDENTIFIER
- control field: ARRUPE
005 - DATE AND TIME OF LATEST TRANSACTION
- control field: 20200129101604.0
008 - FIXED-LENGTH DATA ELEMENTS
- fixed length control field: 200129|| aca||aabn | a|a d
040 ## - CATALOGING SOURCE
- Original cataloging agency: ARRUPE
- Transcribing agency: ARRUPE
100 ## - HEADING--PERSONAL NAME
- Personal name: Keats, John,
- Dates associated with a name: 1795-1821
- General subdivision: Homes and haunts
- Geographic subdivision: Italy
- Geographic subdivision: Rome.
670 ## - SOURCE DATA FOUND
- Source citation: Work cat.: (ARRUPE)0: Raymond, Ernest, 1888- 49115, Two gentlemen of Rome;, [1952]